| 000 | 00768nam a2200217 i 4500 | ||
|---|---|---|---|
| 001 | 175774 | ||
| 003 | ES-MaACL | ||
| 005 | 20230906215922.0 | ||
| 008 | 101119s2004 sp |||| |dspa d | ||
| 080 | _a821.134.2-14"19" | ||
| 100 | 1 |
_aFrühbeck de Burgos, Carlos. _952767 |
|
| 245 | 1 | 0 |
_aY pondremos el pan sobre la mesa / _cCarlos Frühbeck de Burgos. |
| 260 |
_aGijón : _bAteneo Jovellanos, _c2004. |
||
| 300 |
_a67 p. ; _c20 cm. |
||
| 490 | 1 |
_aColección de poesía Ateneo Jovellanos ; _v13 |
|
| 586 | _aPremio Internacional de Poesía Ateneo Jovellanos, 2004 (XIV edición) | ||
| 710 | 2 |
_aAteneo Jovellanos (Gijón) _92045 |
|
| 830 | 0 |
_aColección de poesía Ateneo Jovellanos ; _v13 _9189838 |
|
| 852 |
_aES-MaACL _j2266-F-5 |
||
| 999 |
_c175774 _d175774 |
||